Andrew Lloyd-Webber Musicals - Statistics

General Stats
  • This quiz has been taken 2,709 times
    2,705 since last reset
  • The average score is 6 of 19
Answer Stats
Hint Answer % Correct
1986 The Phantom of the Opera
91%
1981 Cats
90%
1970 Jesus Christ Superstar
70%
1976 Evita
64%
1984 Starlight Express
49%
1968 Joseph and the Amazing Technicolor Dreamcoat
41%
2010 Love Never Dies
39%
1993 Sunset Boulevard
35%
1989 Aspects of Love
25%
2011 The Wizard of Oz
22%
1996 Whistle Down the Wind
20%
1979 Tell Me on a Sunday
19%
1975 Jeeves
17%
2004 The Woman in White
17%
1982 Song and Dance
16%
2000 The Beautiful Game
14%
1965 The Likes of Us
8%
2002 Bombay Dreams
6%
1986 Cricket
5%
No matching quizzes found
Score Distribution
Percent of People with Each Score
Percentile by Number Answered
Your Score History
You have not taken this quiz since the last reset